[Event "TUR Cup"]
[Site "Antalya"]
[Date "2020.01.29"]
[Round "5"]
[White "Iren, Muhammet Kaan"]
[Black "Deva, Atilla"]
[Result "1-0"]
[WhiteElo "1698"]
[BlackElo "1660"]
[PlyCount "41"]
[EventDate "2020.01.26"]
[EventType "swiss"]
[EventRounds "11"]
[EventCountry "TUR"]
[SourceTitle "CBM 194 Extra"]
[Source "ChessBase"]
[SourceDate "2020.03.31"]
[SourceVersion "1"]
[SourceVersionDate "2020.03.31"]
[SourceQuality "1"]

1. d4 d5 2. c4 e5 3. dxe5 d4 4. Nf3 Nc6 5. g3 Bg4 6. Bg2 Qd7 7. 0-0 Nge7 8. Qa4 Bxf3 9. Bxf3 Nxe5 10. Qxd7+ Kxd7 11. Bxb7 Rb8 12. Bg2 Nxc4 13. Rd1 Nd6 14. Rxd4 c5 15. Rxd6+ Kxd6 16. Bf4+ Ke6 17. Bxb8 g6 18. Bxa7 Nc8 19. Bb8 Bg7 20. Nc3 Nb6 21. Bf4 1-0